[Event "Chiang Mai op 20th"]
[Site "Chiangmai"]
[Date "2022.10.30"]
[Round "9.9"]
[White "Smerdon, David"]
[Black "Poh, Yu Tian"]
[Result "1/2-1/2"]
[WhiteElo "2508"]
[BlackElo "2340"]
[PlyCount "109"]
[EventDate "2022.10.22"]
[EventType "swiss"]
[EventRounds "9"]
[EventCountry "THA"]
[SourceTitle "EXT 2024"]
[Source "ChessBase"]
[SourceDate "2023.10.10"]
[SourceVersion "1"]
[SourceVersionDate "2023.10.10"]
[SourceQuality "1"]

1. e4 c5 2. Nf3 d6 3. Bb5+ Nd7 4. 0-0 a6 5. Bxd7+ Bxd7 6. c3 Nf6 7. Re1 Bc6 8. d4 Bxe4 9. Bg5 d5 10. Nbd2 Bxf3 11. Qxf3 cxd4 12. Bxf6 gxf6 13. Qxf6 Rg8 14. Qxd4 Qd7 15. Rad1 0-0-0 16. g3 Qc7 17. c4 dxc4 18. Qa7 e6 19. Nxc4 Bc5 20. Qa8+ Qb8 21. Qxb8+ Kxb8 22. Ne5 Ka7 23. Kg2 Rxd1 24. Rxd1 f6 25. Nc4 Rc8 26. Rd7 Bxf2 27. b3 Bc5 28. Rxh7 e5 29. Kf3 Rd8 30. Rf7 Rd1 31. h4 Rf1+ 32. Ke4 Re1+ 33. Kd5 Bf2 34. h5 e4 35. Rxf6 e3 36. Ke4 b5 37. Rf7+ Kb8 38. Ne5 Bxg3 39. Nd3 Rh1 40. Kxe3 Rxh5 41. Nb4 Rh6 42. Nd5 Rc6 43. Kd4 Bc7 44. Nb4 Rh6 45. Nd5 Rc6 46. Rf6 Rxf6 47. Nxf6 Kb7 48. Kd5 Bg3 49. Ne4 Bh2 50. Nc5+ Kb6 51. Nd7+ Kc7 52. Nc5 Kb6 53. a4 bxa4 54. bxa4 Ka5 55. Nxa6 1/2-1/2

[Event "Chiang Mai op 20th"]
[Site "Chiangmai"]
[Date "2022.10.29"]
[Round "8.7"]
[White "Lundberg, Bjorn"]
[Black "Smerdon, David"]
[Result "1/2-1/2"]
[WhiteElo "2241"]
[BlackElo "2508"]
[PlyCount "233"]
[EventDate "2022.10.22"]
[EventType "swiss"]
[EventRounds "9"]
[EventCountry "THA"]
[SourceTitle "EXT 2024"]
[Source "ChessBase"]
[SourceDate "2023.10.10"]
[SourceVersion "1"]
[SourceVersionDate "2023.10.10"]
[SourceQuality "1"]

1. Nf3 d5 2. g3 e6 3. Bg2 f5 4. 0-0 Nf6 5. c4 c6 6. d3 dxc4 7. dxc4 Qxd1 8. Rxd1 Bc5 9. Nc3 Nbd7 10. Na4 Be7 11. b3 e5 12. Bb2 e4 13. Nd4 Nc5 14. Nxc5 Bxc5 15. a3 Kf7 16. b4 Be7 17. Bh3 g6 18. e3 h5 19. Bf1 g5 20. c5 h4 21. b5 hxg3 22. hxg3 Bd7 23. Nb3 Be6 24. Na5 cxb5 25. Nxb7 Rh7 26. Nd6+ Kg6 27. Rac1 f4 28. exf4 gxf4 29. gxf4 Bg4 30. f5+ Kg5 31. Bxf6+ Kxf6 32. Nxe4+ Kxf5 33. Ng3+ Kf6 34. Rd4 Rg8 35. Bxb5 Bc8 36. Bf1 Rh5 37. Rf4+ Ke5 38. Re4+ Kf6 39. Rf4+ Ke5 40. Re4+ Kf6 41. Rec4 Re5 42. Bg2 a5 43. a4 Be6 44. Rf4+ Kg7 45. Re4 Rxe4 46. Bxe4 Kf6 47. Kg2 Rc8 48. c6 Bd6 49. Bf3 Bc7 50. Ne4+ Ke5 51. Nc5 Rg8+ 52. Kf1 Bc8 53. Ke2 Rd8 54. Nb7 Rd4 55. Rc5+ Kf4 56. Bd5 Rxa4 57. Rc4+ Rxc4 58. Bxc4 Ke4 59. Kd2 Kd4 60. Bd3 Bg4 61. Kc2 Bf3 62. Bb5 Bd5 63. Kb2 Be6 64. f4 Bxf4 65. Nxa5 Kc5 66. Bd3 Bc7 67. Nb3+ Kb4 68. Bc2 Bd5 69. Bd1 Be5+ 70. Ka2 Bxc6 71. Bc2 Bd5 72. Kb1 Kc3 73. Nc5 Bg7 74. Ne4+ Kc4 75. Nd2+ Kd4 76. Ne4 Ke3 77. Nc5 Kd4 78. Nb3+ Kc3 79. Nc5 Bh6 80. Ne4+ Kb4 81. Nf6 Bc4 82. Ng4 Bf4 83. Bf5 Kb3 84. Nf6 Be3 85. Ng4 Bf4 86. Nf2 Bh6 87. Ng4 Bg7 88. Nf2 Be2 89. Bd3 Bf3 90. Be4 Bh5 91. Bf5 Kc3 92. Ne4+ Kd4 93. Ng3 Be8 94. Kc2 Ke3 95. Bh7 Ba4+ 96. Kb1 Be5 97. Ne4 Bb5 98. Nc5 Kd4 99. Ne6+ Kc3 100. Ng5 Bf4 101. Ne6 Be3 102. Bg6 Bc4 103. Bf5 Kb3 104. Ng7 Be2 105. Ne6 Bd1 106. Ng7 Ka3 107. Bc2 Be2 108. Bf5 Bc4 109. Ne6 Bb3 110. Ng7 Bd4 111. Ne6 Bb2 112. Ng5 Bd4 113. Nf3 Bf6 114. Nh2 Bd4 115. Ng4 Bd5 116. Nh2 Bb3 117. Ng4 1/2-1/2

[Event "Bundesliga 1617"]
[Site "Germany"]
[Date "2017.04.09"]
[Round "12.7"]
[White "Smerdon, David"]
[Black "Zeller, Frank"]
[Result "1-0"]
[WhiteElo "2527"]
[BlackElo "2397"]
[PlyCount "109"]
[EventDate "2016.10.15"]
[EventType "team-tourn"]
[EventRounds "15"]
[EventCountry "GER"]
[SourceTitle "CBM 178"]
[Source "ChessBase"]
[SourceDate "2017.05.14"]
[SourceVersion "1"]
[SourceVersionDate "2017.05.14"]
[SourceQuality "1"]
[WhiteTeam "Werder Bremen"]
[BlackTeam "Schwaebisch Hall"]
[WhiteTeamCountry "GER"]
[BlackTeamCountry "GER"]

1. e4 c6 2. Nc3 d5 3. Qf3 dxe4 4. Nxe4 Nf6 5. Nxf6+ exf6 6. Bc4 Bd6 7. d4 0-0 8. Ne2 c5 9. dxc5 Qa5+ 10. Qc3 Qxc3+ 11. Nxc3 Bxc5 12. Nd5 Nc6 13. Be3 Bd6 14. 0-0-0 Rd8 15. Rd2 Be6 16. Rhd1 Bf8 17. Bb3 Rdc8 18. Nf4 Bxb3 19. axb3 Ne5 20. Nd5 Rc6 21. Nc3 Rcc8 22. f4 Nc6 23. Rd7 b6 24. Nb5 h5 25. c3 f5 26. Kc2 g6 27. Nd6 Bxd6 28. R1xd6 Rd8 29. b4 Kf8 30. b5 Rxd7 31. Rxd7 Nd8 32. Rd1 Rc8 33. Bd4 Ne6 34. Be5 Ke7 35. Bd6+ Ke8 36. Ra1 Ra8 37. c4 Kd7 38. Rd1 Kc8 39. Be5 a6 40. bxa6 Rxa6 41. Rd6 h4 42. b4 Ra2+ 43. Kb3 Rxg2 44. Rxb6 Rxh2 45. c5 Re2 46. Rb8+ Kd7 47. Rb7+ Ke8 48. Bf6 Re3+ 49. Ka4 Re2 50. c6 Ra2+ 51. Kb5 Ra8 52. Bxh4 Rc8 53. Kb6 Nxf4 54. Re7+ Kf8 55. Kb7 1-0

[Event "Bundesliga 1617"]
[Site "Germany"]
[Date "2017.03.18"]
[Round "9.1"]
[White "Movsesian, Sergei"]
[Black "Smerdon, David"]
[Result "1-0"]
[WhiteElo "2677"]
[BlackElo "2527"]
[PlyCount "73"]
[EventDate "2016.10.15"]
[EventType "team-tourn"]
[EventRounds "15"]
[EventCountry "GER"]
[SourceTitle "CBM 178"]
[Source "ChessBase"]
[SourceDate "2017.05.14"]
[SourceVersion "1"]
[SourceVersionDate "2017.05.14"]
[SourceQuality "1"]
[WhiteTeam "Baden-Baden"]
[BlackTeam "Werder Bremen"]
[WhiteTeamCountry "GER"]
[BlackTeamCountry "GER"]

1. Nf3 d5 2. g3 g6 3. Bg2 Bg7 4. c4 dxc4 5. Qa4+ Nc6 6. Qxc4 e5 7. d3 Nge7 8. h4 h6 9. Nc3 Be6 10. Qa4 Qd7 11. Ne4 b6 12. h5 f5 13. Nc3 g5 14. Nxg5 hxg5 15. Bxg5 Bh6 16. Bxe7 Nxe7 17. Bxa8 c6 18. Rd1 Kf7 19. d4 exd4 20. Rxd4 Qc7 21. Bxc6 Nxc6 22. Rd1 Ne5 23. 0-0 Rg8 24. Nd5 Qb7 25. Nf4 Bxf4 26. Qxf4 Ng4 27. Rc1 Qe4 28. Rc7+ Kf6 29. Qxe4 fxe4 30. Rxa7 Bc4 31. Re1 Rg5 32. f3 exf3 33. exf3 Ne5 34. f4 Rxg3+ 35. Kh2 Nf3+ 36. Kxg3 Nxe1 37. h6 1-0

[Event "Bundesliga 1617"]
[Site "Germany"]
[Date "2016.11.19"]
[Round "3.7"]
[White "Nikolic, Predrag"]
[Black "Smerdon, David"]
[Result "1/2-1/2"]
[WhiteElo "2622"]
[BlackElo "2527"]
[PlyCount "59"]
[EventDate "2016.10.15"]
[EventType "team-tourn"]
[EventRounds "15"]
[EventCountry "GER"]
[SourceTitle "CBM 176"]
[Source "ChessBase"]
[SourceDate "2017.01.17"]
[SourceVersion "1"]
[SourceVersionDate "2017.01.17"]
[SourceQuality "1"]
[WhiteTeam "Solingen"]
[BlackTeam "Werder Bremen"]
[WhiteTeamCountry "GER"]
[BlackTeamCountry "GER"]

1. d4 d5 2. c4 dxc4 3. Nf3 a6 4. e3 b5 5. a4 Bb7 6. b3 e6 7. bxc4 bxc4 8. Bxc4 c5 9. 0-0 Nf6 10. Ba3 cxd4 11. Bxf8 Kxf8 12. Nxd4 Nc6 13. Nxc6 Qxd1 14. Rxd1 Bxc6 15. Rd6 Bd5 16. Bxd5 exd5 17. Rb6 Ke7 18. Rb7+ Ke6 19. Nd2 Rhb8 20. Rc7 Rc8 21. Rac1 Rxc7 22. Rxc7 Ne8 23. Rb7 Nd6 24. Rb6 Kd7 25. f3 Kc7 26. Rb3 Rb8 27. Rc3+ Kb6 28. Rb3+ Kc7 29. Rc3+ Kb6 30. Rb3+ 1/2-1/2

[Event "Olympiad-42"]
[Site "Baku"]
[Date "2016.09.13"]
[Round "11.1"]
[White "Sadorra, Julio Catalino"]
[Black "Smerdon, David"]
[Result "1/2-1/2"]
[WhiteElo "2560"]
[BlackElo "2531"]
[PlyCount "117"]
[EventDate "2016.09.02"]
[EventType "team-swiss"]
[EventRounds "11"]
[EventCountry "AZE"]
[SourceTitle "CBM 175"]
[Source "ChessBase"]
[SourceDate "2016.11.10"]
[SourceVersion "1"]
[SourceVersionDate "2016.11.10"]
[SourceQuality "1"]
[WhiteTeam "Philippines"]
[BlackTeam "Australia"]
[WhiteTeamCountry "PHI"]
[BlackTeamCountry "AUS"]

1. d4 d5 2. c4 dxc4 3. e3 e5 4. Bxc4 exd4 5. exd4 Bd6 6. Nf3 Nf6 7. Qe2+ Qe7 8. Qxe7+ Bxe7 9. 0-0 Be6 10. Bxe6 fxe6 11. Ng5 Kd7 12. Re1 Bb4 13. Bd2 Nc6 14. Nxe6 Rae8 15. Nc5+ Kc8 16. Rxe8+ Rxe8 17. Nb3 Bxd2 18. N1xd2 Nb4 19. Kf1 Nd3 20. Nc5 Nb4 21. Nc4 b6 22. Nb3 a5 23. a3 Nc6 24. a4 Rd8 25. Rd1 Nd5 26. Ne3 Kb7 27. Nxd5 Rxd5 28. Ke2 b5 29. Ke3 Kb6 30. axb5 Kxb5 31. Ke4 Rd8 32. d5 Re8+ 33. Kf3 Rf8+ 34. Kg3 Rd8 35. Kf3 Kc4 36. Nd2+ Kxd5 37. Nb3+ Kc4 38. Nxa5+ Kb5 39. Rxd8 Nxd8 40. Nb3 Kc4 41. Nc1 Kd4 42. Kf4 Nf7 43. h4 Nd6 44. g4 Nc4 45. b3 Nd2 46. h5 Ne4 47. f3 Nc3 48. Kg5 Ke3 49. f4 c5 50. Kf5 Nd5 51. Ke6 Nxf4+ 52. Kf7 Nxh5 53. gxh5 g5 54. hxg6 hxg6 55. Kxg6 Kd2 56. Kf5 Kxc1 57. Ke5 Kb2 58. Kd5 Kxb3 59. Kxc5 1/2-1/2

[Event "Olympiad-42"]
[Site "Baku"]
[Date "2016.09.09"]
[Round "7.1"]
[White "Smerdon, David"]
[Black "Wojtaszek, Radoslaw"]
[Result "0-1"]
[WhiteElo "2531"]
[BlackElo "2736"]
[PlyCount "96"]
[EventDate "2016.09.02"]
[EventType "team-swiss"]
[EventRounds "11"]
[EventCountry "AZE"]
[SourceTitle "CBM 175"]
[Source "ChessBase"]
[SourceDate "2016.11.10"]
[SourceVersion "1"]
[SourceVersionDate "2016.11.10"]
[SourceQuality "1"]
[WhiteTeam "Australia"]
[BlackTeam "Poland"]
[WhiteTeamCountry "AUS"]
[BlackTeamCountry "POL"]

1. e4 c5 2. Nf3 d6 3. c3 Nf6 4. Be2 g6 5. 0-0 Bg7 6. Bb5+ Nc6 7. d4 0-0 8. Re1 cxd4 9. cxd4 Bg4 10. d5 Ne5 11. Be2 Nxf3+ 12. Bxf3 Bxf3 13. Qxf3 Nd7 14. Nc3 Rc8 15. Bg5 h6 16. Bh4 Ne5 17. Qe2 Nc4 18. Rac1 g5 19. Bg3 Qa5 20. Red1 Qb4 21. Rc2 Rc7 22. Rdc1 Nxb2 23. Rxb2 Rxc3 24. Rd1 Qc4 25. Qxc4 Rxc4 26. Rxb7 Bf6 27. e5 dxe5 28. Rxa7 h5 29. f3 Rb8 30. Re1 Rb2 31. h3 e4 32. Ra8+ Kg7 33. fxe4 Rcc2 34. Kh1 Rxg2 35. Bb8 Bd4 36. Ra4 Bc3 37. Rc1 Rge2 38. Rc4 Rxb8 39. R4xc3 Rbb2 40. Rg3 Kg6 41. Ra1 Rxe4 42. a4 Ree2 43. Rga3 f5 44. a5 f4 45. d6 exd6 46. a6 g4 47. hxg4 hxg4 48. Kg1 Rg2+ 0-1

[Event "Titled Tuesday intern op 3rd May"]
[Site "Chess.com INT"]
[Date "2016.05.03"]
[Round "4"]
[White "Smerdon, David"]
[Black "Ibarra Jerez, Jose Carlos"]
[Result "0-1"]
[WhiteElo "2529"]
[BlackElo "2563"]
[PlyCount "96"]
[EventDate "2016.05.03"]
[EventType "swiss (blitz)"]
[EventRounds "9"]
[EventCountry "USA"]
[SourceTitle "EXT 2021"]
[Source "ChessBase"]
[SourceDate "2020.10.23"]
[SourceVersion "1"]
[SourceVersionDate "2020.10.23"]
[SourceQuality "1"]

1. e4 e5 2. Nf3 d6 3. Nc3 Nf6 4. d4 exd4 5. Qxd4 a6 6. Bg5 Nc6 7. Qd2 Be7 8. h4 0-0 9. h5 h6 10. Bf4 b5 11. Bd3 Bg4 12. 0-0-0 b4 13. Nd5 Nxd5 14. exd5 Ne5 15. Nxe5 dxe5 16. f3 exf4 17. fxg4 Bd6 18. Rhe1 Qg5 19. Bf5 Rfe8 20. Kb1 Re3 21. Qd4 Rae8 22. Rf1 Re2 23. Rf2 Re1 24. Rf1 R1e2 25. Rf2 a5 26. Rxe2 Rxe2 27. Qa7 Qe7 28. Qxa5 Rxg2 29. Qa8+ Qf8 30. Qc6 Qe7 31. Qa8+ Qf8 32. Qc6 Re2 33. Qa6 Qe7 34. Qa8+ Qe8 35. Qa6 f3 36. a4 bxa3 37. bxa3 f2 38. Rf1 Re1+ 39. Ka2 Qb8 40. c3 Bc5 41. Bc2 Qe8 42. Qd3 Rxf1 43. Qxf1 Qe1 44. Bd3 Qxc3 45. Qe2 Qxa3+ 46. Kb1 Qb3+ 47. Kc1 f1Q+ 48. Qxf1 Be3# 0-1

[Event "Titled Tuesday intern op 3rd May"]
[Site "Chess.com INT"]
[Date "2016.05.03"]
[Round "3"]
[White "Smerdon, David"]
[Black "Shirazi, Kamran"]
[Result "1-0"]
[WhiteElo "2529"]
[BlackElo "2338"]
[PlyCount "45"]
[EventDate "2016.05.03"]
[EventType "swiss (blitz)"]
[EventRounds "9"]
[EventCountry "USA"]
[SourceTitle "EXT 2021"]
[Source "ChessBase"]
[SourceDate "2020.10.23"]
[SourceVersion "1"]
[SourceVersionDate "2020.10.23"]
[SourceQuality "1"]

1. e4 c5 2. Nf3 e6 3. b4 d5 4. exd5 cxb4 5. dxe6 Bxe6 6. Bb5+ Nc6 7. 0-0 Nf6 8. d4 Be7 9. a3 a5 10. axb4 axb4 11. Rxa8 Qxa8 12. Ng5 Bg4 13. f3 Be6 14. Re1 Bd5 15. c4 bxc3 16. Nxc3 Qd8 17. Bxc6+ bxc6 18. Ba3 c5 19. Bxc5 Ng8 20. Qa4+ Kf8 21. Qb4 Ba8 22. Qc4 Qe8 23. Nb5 1-0

[Event "BCF-chT1c 1516 (4NCL) Promotion pool"]
[Site "England"]
[Date "2016.05.01"]
[Round "10.127"]
[White "Fitzsimons, David"]
[Black "Smerdon, David"]
[Result "1/2-1/2"]
[WhiteElo "2402"]
[BlackElo "2520"]
[PlyCount "34"]
[EventDate "2015.11.14"]
[EventType "team-tourn"]
[EventRounds "4"]
[EventCountry "ENG"]
[SourceTitle "EXT 2017"]
[Source "ChessBase"]
[SourceDate "2016.10.25"]
[SourceVersion "1"]
[SourceVersionDate "2016.10.25"]
[SourceQuality "1"]
[WhiteTeam "Wood Green"]
[BlackTeam "Guildford"]
[WhiteTeamCountry "ENG"]
[BlackTeamCountry "ENG"]

1. e4 c5 2. Nf3 Nc6 3. d4 cxd4 4. Nxd4 g6 5. c4 Bg7 6. Be3 Nf6 7. Nc3 0-0 8. Be2 d6 9. 0-0 Bd7 10. Qd2 Nxd4 11. Bxd4 Bc6 12. f3 a5 13. b3 Nd7 14. Be3 Nc5 15. Rab1 Be5 16. Nb5 e6 17. Bg5 Qd7 1/2-1/2

[Event "Bundesliga 1516"]
[Site "Germany"]
[Date "2016.04.23"]
[Round "14.6"]
[White "Smerdon, David"]
[Black "Womacka, Mathias"]
[Result "1-0"]
[WhiteElo "2516"]
[BlackElo "2440"]
[PlyCount "73"]
[EventDate "2015.09.18"]
[EventType "team-tourn"]
[EventRounds "15"]
[EventCountry "GER"]
[SourceTitle "CBM 172"]
[Source "ChessBase"]
[SourceDate "2016.05.12"]
[SourceVersion "1"]
[SourceVersionDate "2016.05.12"]
[SourceQuality "1"]
[WhiteTeam "Werder Bremen"]
[BlackTeam "Schwaebisch Hall"]
[WhiteTeamCountry "GER"]
[BlackTeamCountry "GER"]

1. d4 Nf6 2. Bg5 Ne4 3. Bf4 c5 4. f3 Qa5+ 5. c3 Nf6 6. d5 Qb6 7. e4 Qxb2 8. Nd2 Qxc3 9. Bc7 Na6 10. Bxa6 bxa6 11. Rb1 d6 12. Ne2 Qe3 13. Qa4+ Bd7 14. Qxa6 g6 15. Nc4 Qg5 16. Kf2 Nxd5 17. exd5 Qxd5 18. Qxa7 f5 19. Rb8+ Rxb8 20. Qxb8+ Kf7 21. Nb6 Qc6 22. Nxd7 Qxd7 23. Rd1 Bg7 24. Qb3+ Qe6 25. Qxe6+ Kxe6 26. a4 Kd7 27. Bb6 Kc6 28. a5 e5 29. Rb1 Ra8 30. Nc3 e4 31. Nb5 d5 32. Nc7 Rc8 33. Ne6 Bc3 34. Nxc5 Ra8 35. Rc1 Bd4+ 36. Kf1 Kb5 37. Nd7 1-0

[Event "BCF-chT1c 1516 (4NCL) Promotion pool"]
[Site "England"]
[Date "2016.03.20"]
[Round "8.146"]
[White "Smerdon, David"]
[Black "Wadsworth, Matthew J"]
[Result "1/2-1/2"]
[WhiteElo "2520"]
[BlackElo "2254"]
[PlyCount "190"]
[EventDate "2015.11.14"]
[EventType "team-tourn"]
[EventRounds "4"]
[EventCountry "ENG"]
[SourceTitle "CBM 171 Extra"]
[Source "ChessBase"]
[SourceDate "2016.04.26"]
[SourceVersion "1"]
[SourceVersionDate "2016.04.26"]
[SourceQuality "1"]
[WhiteTeam "Guildford"]
[BlackTeam "Guildford II"]
[WhiteTeamCountry "ENG"]
[BlackTeamCountry "ENG"]

1. e4 e6 2. d4 d5 3. Nd2 Nf6 4. e5 Nfd7 5. Bd3 c5 6. Ngf3 cxd4 7. 0-0 Nc6 8. Re1 g6 9. Nb3 Bg7 10. Bf4 Qb6 11. h4 h6 12. a4 a6 13. a5 Qb4 14. g4 g5 15. hxg5 hxg5 16. Bg3 Rh3 17. Kg2 Rxg3+ 18. Kxg3 Ndxe5 19. Nxg5 Bh6 20. Nh7 Nxd3 21. Qxd3 Qd6+ 22. Kg2 Qf4 23. Qg3 Ke7 24. Rad1 Qxg3+ 25. Kxg3 Bd7 26. Nxd4 Nxd4 27. Rxd4 Bc6 28. g5 Bg7 29. Nf6 Bxf6 30. gxf6+ Kxf6 31. Rf4+ Ke7 32. Rg4 Rh8 33. f4 Kf6 34. Rh4 Rxh4 35. Kxh4 Kf5 36. Kg3 f6 37. c3 e5 38. fxe5 fxe5 39. Kf2 d4 40. cxd4 exd4 41. Re7 Kf6 42. Re2 Kf5 43. Re7 Kf6 44. Re2 Kf5 45. Ke1 Be4 46. Rh2 Ke5 47. Rh5+ Kd6 48. Kd2 Ke6 49. Ke2 Kd6 50. Kf2 Bd5 51. Kg3 d3 52. Kf2 d2 53. Rh6+ Kc5 54. Ke2 Kb4 55. Rh4+ Kb3 56. Kxd2 Kxb2 57. Rd4 Bc6 58. Rd3 Bb5 59. Rc3 Bf1 60. Rg3 Bb5 61. Re3 Bc6 62. Rh3 Bb5 63. Rg3 Bc4 64. Rg6 Kb3 65. Rb6+ Ka4 66. Rxb7 Kxa5 67. Kc3 Bb5 68. Rb8 Ba4 69. Rh8 Bb5 70. Rh6 Be2 71. Rh2 Bb5 72. Kd4 Kb4 73. Rb2+ Ka4 74. Kc3 Ka5 75. Kd4 Ka4 76. Rb1 Ka5 77. Kc5 Ka4 78. Rb2 Ka3 79. Rb4 Bd3 80. Rh4 Kb3 81. Rh3 Kc3 82. Rg3 a5 83. Rg4 Bc2 84. Rg7 a4 85. Ra7 Bb3 86. Kb5 Bc2 87. Ra8 Bb3 88. Rh8 a3 89. Rh3+ Kb2 90. Kb4 a2 91. Rxb3+ Kc2 92. Rc3+ Kb2 93. Rb3+ Kc2 94. Ra3 Kb2 95. Rxa2+ Kxa2 1/2-1/2

[Event "Bundesliga 1516"]
[Site "Germany"]
[Date "2016.03.12"]
[Round "10.6"]
[White "Smerdon, David"]
[Black "Loeffler, Stefan"]
[Result "1-0"]
[WhiteElo "2516"]
[BlackElo "2386"]
[PlyCount "87"]
[EventDate "2015.09.18"]
[EventType "team-tourn"]
[EventRounds "15"]
[EventCountry "GER"]
[SourceTitle "CBM 172"]
[Source "ChessBase"]
[SourceDate "2016.05.12"]
[SourceVersion "1"]
[SourceVersionDate "2016.05.12"]
[SourceQuality "1"]
[WhiteTeam "Werder Bremen"]
[BlackTeam "Bayern Muenchen"]
[WhiteTeamCountry "GER"]
[BlackTeamCountry "GER"]

1. e4 Nf6 2. e5 Nd5 3. Nc3 e6 4. d4 d6 5. Nf3 dxe5 6. Nxe5 Nd7 7. Bd3 Nxe5 8. dxe5 Nxc3 9. bxc3 Qd5 10. Qe2 Bd7 11. Qe4 Bc6 12. Qxd5 Bxd5 13. f3 Bc5 14. Ke2 0-0-0 15. Be3 Bxe3 16. Kxe3 Rd7 17. h4 Bc6 18. c4 h5 19. Rad1 Kd8 20. Be2 Rxd1 21. Rxd1+ Ke7 22. Bd3 f6 23. Kf4 Rg8 24. Bg6 Rf8 25. exf6+ Kxf6 26. Bxh5 Rh8 27. g4 g6 28. g5+ Kf7 29. Bg4 Rxh4 30. Ke5 Rh2 31. Bxe6+ Ke7 32. Bd5 Re2+ 33. Kd4 Bxd5 34. cxd5 Rxc2 35. Re1+ Kd7 36. Re6 c5+ 37. Kd3 Rxa2 38. Rxg6 Ra4 39. Rg7+ Kd6 40. g6 Ra1 41. Rg8 Ke7 42. d6+ Kf6 43. Rd8 Kxg6 44. d7 1-0

[Event "Aegean op 38th"]
[Site "Aghios Kirykos"]
[Date "2015.07.15"]
[Round "6"]
[White "Galopoulos, Nikolaos"]
[Black "Smerdon, David"]
[Result "1/2-1/2"]
[WhiteElo "2353"]
[BlackElo "2523"]
[PlyCount "52"]
[EventDate "2015.07.11"]
[EventType "swiss"]
[EventRounds "9"]
[EventCountry "GRE"]
[SourceTitle "CBM 167 Extra"]
[Source "ChessBase"]
[SourceDate "2015.09.14"]
[SourceVersion "1"]
[SourceVersionDate "2015.09.14"]
[SourceQuality "1"]

1. Nf3 d5 2. g3 Nc6 3. d4 Bg4 4. Bg2 Qd7 5. Ne5 Nxe5 6. dxe5 c6 7. Qd4 f6 8. c4 dxc4 9. Qxc4 Be6 10. Qc3 Bh3 11. exf6 Bxg2 12. fxg7 0-0-0 13. Nd2 Bxg7 14. Qxg7 Bxh1 15. Qxh8 Nf6 16. Qg7 Be4 17. f3 Bg6 18. Qh6 Qd4 19. Nf1 Nd5 20. a3 Rd6 21. Qh3+ Kd8 22. Qh4 Qb6 23. Qc4 Bf7 24. Qc2 Bg6 25. e4 Re6 26. Bd2 Rf6 1/2-1/2

[Event "Aegean op 38th"]
[Site "Aghios Kirykos"]
[Date "2015.07.13"]
[Round "4"]
[White "Zygouris, Hristos"]
[Black "Smerdon, David"]
[Result "0-1"]
[WhiteElo "2193"]
[BlackElo "2523"]
[PlyCount "72"]
[EventDate "2015.07.11"]
[EventType "swiss"]
[EventRounds "9"]
[EventCountry "GRE"]
[SourceTitle "CBM 167 Extra"]
[Source "ChessBase"]
[SourceDate "2015.09.14"]
[SourceVersion "1"]
[SourceVersionDate "2015.09.14"]
[SourceQuality "1"]

1. Nf3 d5 2. g3 Nf6 3. Bg2 e6 4. 0-0 Be7 5. c4 0-0 6. b3 c5 7. cxd5 Nxd5 8. Bb2 Nc6 9. d4 cxd4 10. Nxd4 Nxd4 11. Qxd4 Bf6 12. Qd2 Bd7 13. Na3 Bc6 14. Rfd1 Qe7 15. Nc4 Rfd8 16. Ne5 Bb5 17. Ng4 Bg5 18. Qe1 h5 19. e4 Nb4 20. Qc3 f6 21. Ba3 a5 22. Ne3 Rxd1+ 23. Nxd1 Qd7 24. Bxb4 axb4 25. Qb2 e5 26. h4 Bd2 27. a4 bxa3 28. Rxa3 Rc8 29. Ra1 Qd3 30. Qa2 Bc1 31. Bh3 Qxd1+ 32. Kh2 Rc2 33. Qa8+ Kh7 34. Bf5+ g6 35. Qxb7+ Kh6 36. Qb6 Qd4 0-1

[Event "Aegean op 38th"]
[Site "Aghios Kirykos"]
[Date "2015.07.12"]
[Round "2"]
[White "Pountzas, Hrisanthos"]
[Black "Smerdon, David"]
[Result "0-1"]
[WhiteElo "2119"]
[BlackElo "2523"]
[PlyCount "66"]
[EventDate "2015.07.11"]
[EventType "swiss"]
[EventRounds "9"]
[EventCountry "GRE"]
[SourceTitle "CBM 167 Extra"]
[Source "ChessBase"]
[SourceDate "2015.09.14"]
[SourceVersion "1"]
[SourceVersionDate "2015.09.14"]
[SourceQuality "1"]

1. c4 b6 2. d4 Bb7 3. Nc3 e6 4. a3 f5 5. Nf3 Nf6 6. Bg5 h6 7. Bxf6 Qxf6 8. e3 g5 9. Qc2 g4 10. Nd2 c5 11. dxc5 Na6 12. cxb6 axb6 13. 0-0-0 Bg7 14. h3 Nc5 15. hxg4 fxg4 16. f3 Bc6 17. Nde4 Nxe4 18. fxe4 Ra5 19. Bd3 Qg5 20. Rhf1 Qxe3+ 21. Kb1 Ke7 22. Rde1 Qd4 23. Ne2 Qd6 24. Nf4 Rha8 25. e5 Bxe5 26. Rxe5 Rxe5 27. Ng6+ Kd8 28. Nxe5 Qxe5 29. Qf2 Kc7 30. Qf4 Qxf4 31. Rxf4 h5 32. Bf1 Rg8 33. Kc1 h4 0-1

[Event "BCF-chT1a 1415 (4NCL)"]
[Site "England"]
[Date "2015.03.28"]
[Round "7.131"]
[White "Merry, Alan B"]
[Black "Smerdon, David"]
[Result "1/2-1/2"]
[WhiteElo "2349"]
[BlackElo "2519"]
[PlyCount "46"]
[EventDate "2014.11.15"]
[EventType "team-swiss"]
[EventRounds "11"]
[EventCountry "ENG"]
[SourceTitle "EXT 2016"]
[Source "ChessBase"]
[SourceDate "2015.10.08"]
[SourceVersion "1"]
[SourceVersionDate "2015.10.08"]
[SourceQuality "1"]
[WhiteTeam "The ADS"]
[BlackTeam "Guildford II"]
[WhiteTeamCountry "ENG"]
[BlackTeamCountry "ENG"]

1. d4 e6 2. c4 f5 3. Nf3 Nf6 4. Bf4 b6 5. e3 Bb7 6. Be2 g6 7. 0-0 Bg7 8. h3 Ne4 9. Nfd2 0-0 10. Nxe4 Bxe4 11. Nc3 Bb7 12. Bf3 Qc8 13. Bxb7 Qxb7 14. Rc1 Nc6 15. Bh2 Nd8 16. b4 Nf7 17. c5 a5 18. Qb3 bxc5 19. bxc5 Qxb3 20. axb3 Ra7 21. Nb5 Rb7 22. Nxc7 e5 23. Nd5 exd4 1/2-1/2

[Event "BCF-chT1a 1415 (4NCL)"]
[Site "England"]
[Date "2015.02.15"]
[Round "6.124"]
[White "Smerdon, David"]
[Black "Cox, John J"]
[Result "1-0"]
[WhiteElo "2519"]
[BlackElo "2361"]
[PlyCount "123"]
[EventDate "2014.11.15"]
[EventType "team-swiss"]
[EventRounds "11"]
[EventCountry "ENG"]
[SourceTitle "EXT 2016"]
[Source "ChessBase"]
[SourceDate "2015.10.08"]
[SourceVersion "1"]
[SourceVersionDate "2015.10.08"]
[SourceQuality "1"]
[WhiteTeam "Guildford II"]
[BlackTeam "Barbican"]
[WhiteTeamCountry "ENG"]
[BlackTeamCountry "ENG"]

1. e4 c5 2. c3 Nf6 3. e5 Nd5 4. Nf3 Nc6 5. Bc4 Nb6 6. Bb3 d5 7. exd6 Qxd6 8. 0-0 Be6 9. Na3 Bxb3 10. axb3 Qd3 11. Re1 e6 12. Re3 Qd7 13. Nc4 Nxc4 14. bxc4 Rd8 15. d4 cxd4 16. Rd3 e5 17. cxd4 exd4 18. Bd2 Be7 19. b4 Qe6 20. Qb3 f6 21. Re1 Ne5 22. Rxd4 0-0 23. Rde4 b5 24. Qe3 bxc4 25. Nxe5 fxe5 26. Rxe5 Qd6 27. Rxe7 Qxd2 28. Qxa7 Qd4 29. Qxd4 Rxd4 30. Rc7 Rd2 31. f3 Ra8 32. Rxc4 Raa2 33. Rg4 Kf7 34. h4 h5 35. Rg5 g6 36. Rb1 Rd6 37. b5 Rb6 38. Rb4 Rc2 39. Rf4+ Kg7 40. Rd5 Rc7 41. Kf2 Rc2+ 42. Kg3 Rc7 43. Rfd4 Kh6 44. Rb4 Rc2 45. Rg5 Kg7 46. Kf4 Kf6 47. Ke3 Kf7 48. Kd3 Rc1 49. Kd2 Rc7 50. Rf4+ Kg7 51. Rd5 Kh6 52. Ra4 Rcb7 53. Rb4 Rc7 54. Re4 Kg7 55. f4 Kh6 56. g3 Ra7 57. Rc4 Ra5 58. Rcc5 Ra2+ 59. Kc3 Ra3+ 60. Kb4 Rxg3 61. Rc6 Rb7 62. Rg5 1-0